| 000 | 00886cab a2200265 4500 | ||
|---|---|---|---|
| 001 | WB3209-14 | ||
| 008 | 090401t1996 xxu||||| |||| 00| 0 eng d | ||
| 035 | _a(Sirsi) u40197 | ||
| 041 | _aeng | ||
| 245 | _aProperty costs and performance | ||
| 260 | _c1996 | ||
| 350 | _a0 | ||
| 490 |
_aFinancial Times _v1 March 1996, 11(1) |
||
| 520 | _aSummarises the first results from the Occupational Property Databank, which provides information on the average time taken to dispose of unwanted space, property costs per employee and surplus space. | ||
| 650 | _aCORPORATE PROPERTY | ||
| 650 | _aOCCUPANCY COSTS | ||
| 650 | _aOCCUPATIONAL PROPERTY DATABANK | ||
| 650 | _aOFFICE MAINTENANCE COSTS | ||
| 650 | _aPROPERTY COSTS PER EMPLOYEE | ||
| 650 | _aPROPERTY COSTS | ||
| 650 | _aSURPLUS SPACE | ||
| 690 | _aPROPERTY-COMMERCIAL PROPERTY | ||
| 942 | _n0 | ||
| 948 | _c04/03/1997 | ||
| 999 |
_c25750 _d25750 |
||